| 000 | 00000nam##2200000za#4500 |
| 001 | 9.686375 |
| 003 | CaOODSP |
| 005 | 20210624230516 |
| 007 | cr ||||||||||| |
| 008 | 150407|2002||||xxc|||||o f|0| 0 eng|d |
| 020 | |a0-662-33166-4 |
| 040 | |aCaOODSP|beng |
| 043 | |an-cn--- |
| 086 | 1 |aSW21-101/2002E-IN |
| 110 | 1 |aCanada. |bStatus of Women Canada. |
| 245 | 10|aAssessing violence against women : |h[electronic resource]|ba statistical profile |
| 260 | |bStatus of Women Canada |c2002. |
| 300 | |a81p.|bfigs., graphs, references, tables |
| 500 | |a"In July 1999, the Federal/Provincial/Territorial (F/P/T) Ministers Responsible for the Status of Women released their Strategic Framework document, Preventing Violence Against Women... In September 2000, the F/P/T Ministers Responsible for the Status of Women agreed to commission Statistics Canada to design a limited number of salient indicators on the severity and prevalence of violence against women."--Page 10 of 81, Foreword. |
| 590 | |a06-10-Supp|b2006-12-15 |
| 690 | 07|aWomen|2gcpds |
| 690 | 07|aSocial rights|2gcpds |
| 690 | 07|aSocial conditions|2gcpds |
| 690 | 07|aFamily violence|2gcpds |
| 690 | 07|aViolence against women|2gcpds |
| 775 | 08|tÉvaluation de la violence contre les femmes : |w(CaOODSP)9.630846 |
| 856 | 40|ahttp://publications.gc.ca|qPDF|s425 KB|uhttps://publications.gc.ca/collections/Collection/SW21-101-2002E.pdf |